Waldorf Salad Ingredients Quiz Stats

 Plays Quiz Updated Apr 1, 2018

Challenge
Share
Tweet
Embed
Score 0/5 Timer 01:30
0 Plays Today
% Correct
Walnuts
89.2%
Apples
78.5%
Mayonnaise
66.8%
Celery
52.3%
Grapes
51.4%

You're not logged in!

Compare scores with friends on all Sporcle quizzes.
OR
Log In

You Might Also Like...

Show Comments

Extras

Top Quizzes Today


Score Distribution

Your Account Isn't Verified!

In order to create a playlist on Sporcle, you need to verify the email address you used during registration. Go to your Sporcle Settings to finish the process.

Report this User

Report this user for behavior that violates our Community Guidelines.

Details: